Traduction de vocabulaire en anglais - Animaux - Statistiques

Statistiques générales
  • Ce quiz a été pris 869 fois
  • Le résultat moyen est 14 sur 15
Statistiques - réponses
Francais Anglais % Correct
Chat Cat
100%
Chien Dog
100%
Poisson Fish
99%
Oiseau Bird
97%
Cheval Horse
97%
Lion Lion
97%
Souris Mouse
96%
Cochon Pig
96%
Tigre Tiger
95%
Eléphant Elephant
94%
Vache Cow
93%
Singe Monkey
91%
Lapin Rabbit
89%
Mouton Sheep
81%
Chevre Goat
78%
Aucun quiz correspondant
Distribution des résultats
% des personnes avec chaque résultat
Percentile par nombre de réponses
Votre historique - résultats
Vous n’avez pas pris ce quiz